书目信息 |
| 题名: |
平板理论
|
|
| 作者: | 杨耀乾 著 | |
| 分册: | ||
| 出版信息: | 北京 中国铁道出版社 1980 |
|
| 页数: | 356页 | |
| 开本: | 25cm | |
| 丛书名: | ||
| 单 册: | ||
| 中图分类: | TB121 | |
| 科图分类: | ||
| 主题词: | 工程力学 | |
| 电子资源: | ||
| ISBN: | ||
| 000 | 00505nam0 2200193 450 | |
| 001 | 0633160611 | |
| 005 | 20060725091417.06 | |
| 010 | @dCNY2.35 | |
| 100 | @a20060725d1980 km y0chiy0120 ea | |
| 101 | 0 | @achi |
| 102 | @aCN@b110000 | |
| 200 | 1 | @a平板理论@Aping ban li lun@f杨耀乾 著@Fyang yao qian zhu |
| 210 | @a北京@c中国铁道出版社@d1980 | |
| 215 | @a356页@d25cm | |
| 606 | 0 | @a工程力学 |
| 690 | @aTB121@v3 | |
| 701 | 0 | @a杨耀乾@Ayang yao qian@4著 |
| 801 | 0 | @aCN@bPFT@c20060725 |
| 905 | @a10447@dTB121@e94 | |
| 平板理论/杨耀乾 著.-北京:中国铁道出版社,1980 |
| 356页;25cm |
| ISBN :CNY2.35 |
| ● |
| 相关链接 |
|
|
|
|
正题名:平板理论
索取号:TB121/94
 
预约/预借
| 序号 | 登录号 | 条形码 | 馆藏地/架位号 | 状态 | 备注 |
| 1 | 0438352 | 204383522 | 密集书库/ [索取号:TB121/94] | 在馆 |